[Event "Top Jeunes"]
[Site "Créteil"]
[Date "2010.11.21"]
[Round "3.4"]
[White "Gerstenkorn, Jim-David"]
[Black "Dumas, Charles"]
[Result "0-1"]
[WhiteElo "1460"]
[BlackElo "1800"]
[PlyCount "44"]
[EventDate "21.??.??"]
[WhiteTeam "Lyon"]
[BlackTeam "Saint Mandé"]

1. d4 d5 2. c4 c6 3. Nc3 Nf6 4. e3 g6 5. Bd3 Bg7 6. Nge2 O-O 7. f4 Na6 8. a3
Nc7 9. e4 dxe4 10. Nxe4 Nxe4 11. Bxe4 Be6 12. c5 Bd5 13. Bxd5 Qxd5 14. O-O Ne6
15. Nc3 Qxd4+ 16. Kh1 Qxd1 17. Rxd1 Rfd8 18. Be3 Bxc3 19. bxc3 Rxd1+ 20. Rxd1
Rd8 21. Rb1 Rd3 22. Bc1 Rd1# 0-1

[Event "Top Jeunes"]
[Site "Créteil"]
[Date "2010.11.21"]
[Round "3.5"]
[White "Albaric, Etienne"]
[Black "Guedon, Sosthene"]
[Result "0-1"]
[WhiteElo "1707"]
[BlackElo "1599"]
[PlyCount "35"]
[EventDate "21.??.??"]
[WhiteTeam "Saint Mandé"]
[BlackTeam "Lyon"]

1. e4 e5 2. Nf3 d6 3. c3 Nf6 4. Be2 Nc6 5. d3 g6 6. O-O Bg7 7. Nbd2 O-O 8. Re1
b5 9. Nf1 a5 10. Ng3 b4 11. d4 bxc3 12. bxc3 exd4 13. cxd4 Nd7 14. Be3 Nb6 15.
Rb1 d5 16. e5 Rb8 17. Qc1 Bd7 18. Bh6 {Gain coup 43} 0-1

[Event "Top Jeunes"]
[Site "Créteil"]
[Date "2010.11.21"]
[Round "3.6"]
[White "Muller, Martial"]
[Black "Roque, Gaetan"]
[Result "0-1"]
[WhiteElo "1250"]
[BlackElo "1561"]
[PlyCount "56"]
[EventDate "21.??.??"]
[WhiteTeam "Lyon"]
[BlackTeam "Saint Mandé"]

1. e4 c6 2. d4 d5 3. e5 Bf5 4. Nc3 e6 5. Nf3 Ne7 6. Be3 Nd7 7. Bd3 Bxd3 8. Qxd3
c5 9. Nb5 Nc6 10. Nd6+ Bxd6 11. exd6 b6 12. Bf4 O-O 13. c3 Nf6 14. O-O Ne4 15.
Rfd1 cxd4 16. Nxd4 Nxd4 17. Qxd4 Nxd6 18. Bxd6 Qxd6 19. f4 Rac8 20. g4 Rc4 21.
Qe3 Rfc8 22. Kh1 a5 23. a3 b5 24. h4 b4 25. axb4 axb4 26. cxb4 Qxb4 27. Rac1
Rxc1 28. Rxc1 Qe4+ 0-1

[Event "Top Jeunes"]
[Site "Créteil"]
[Date "2010.11.21"]
[Round "3.7"]
[White "Parent, Leo"]
[Black "Jrade, Sidney"]
[Result "0-1"]
[WhiteElo "1009"]
[BlackElo "1250"]
[PlyCount "68"]
[EventDate "21.??.??"]
[WhiteTeam "Saint Mandé"]
[BlackTeam "Lyon"]

1. e4 e5 2. Nf3 Nc6 3. Bc4 Nf6 4. Nc3 Bb4 5. O-O Bxc3 6. dxc3 Nxe4 7. Qe2 d5 8.
Bb5 Bg4 9. h3 Bxf3 10. Qxf3 Nf6 11. Bg5 Rg8 12. Qf5 h6 13. Bxc6+ bxc6 14. Qxe5+
Qe7 15. Bxf6 gxf6 16. Qxe7+ Kxe7 17. Rfe1+ Kd7 18. Re2 Rg7 19. Rae1 Rag8 20. g3
h5 21. h4 f5 22. Re7+ Kd8 23. b4 f4 24. R7e2 fxg3 25. fxg3 Rxg3+ 26. Kh2 R3g4
27. Kh3 Rg3+ 28. Kh2 R8g4 29. Re8+ Kd7 30. R1e7+ Kd6 31. Re6+ fxe6 32. Rd8+ Ke7
33. Rh8 Rg2+ 34. Kh3 R4g3# 0-1

[Event "Top Jeunes"]
[Site "Créteil"]
[Date "2010.11.21"]
[Round "3.8"]
[White "Ruble, Louis"]
[Black "Gillard, Martin"]
[Result "1-0"]
[WhiteElo "1009"]
[BlackElo "1009"]
[PlyCount "69"]
[EventDate "21.??.??"]
[WhiteTeam "Saint Mandé"]
[BlackTeam "Lyon"]

1. d4 d5 2. Bf4 Nh6 3. Nc3 e6 4. Nb5 c6 5. Nc7+ Ke7 6. Nxa8 Na6 7. Bg5+ f6 8.
Bxh6 gxh6 9. e3 Nb4 10. Be2 Kd7 11. Nf3 Na6 12. O-O Rg8 13. Bxa6 bxa6 14. Re1
Qe7 15. Kf1 Bb7 16. Qd3 Bxa8 17. Qxa6 Kd8 18. e4 Bb7 19. Qxa7 Qg7 20. g3 Qg4
21. Nd2 Qh3+ 22. Ke2 Qg4+ 23. f3 Qh3 24. Qxb7 Qxh2+ 25. Kd1 Rxg3 26. Qb8+ Kd7
27. Nf1 Qg1 28. Nxg3 Qxg3 29. Qxg3 Ke8 30. exd5 cxd5 31. Rxe6+ Kd8 32. Rxf6 Bd6
33. Qxd6+ Ke8 34. Kd2 h5 35. Re1# 1-0

[Event "Top Jeunes"]
[Site "Créteil"]
[Date "2010.11.21"]
[Round "3.9"]
[White "Gillard, Martin"]
[Black "Parent, Leo"]
[Result "0-1"]
[WhiteElo "1009"]
[BlackElo "1009"]
[PlyCount "78"]
[EventDate "21.??.??"]
[WhiteTeam "Lyon"]
[BlackTeam "Saint Mandé"]

1. e4 e5 2. Bc4 Nf6 3. Qf3 Bc5 4. g4 O-O 5. d3 d6 6. h3 h6 7. c3 Nc6 8. Be3
Bxe3 9. Qxe3 Qe7 10. g5 hxg5 11. Qxg5 Be6 12. h4 Bxc4 13. dxc4 Qe6 14. h5 Nh7
15. Qe3 Ne7 16. Nd2 Qg4 17. f3 Qg3+ 18. Qf2 Qg5 19. Qh4 Qxh4+ 20. Rxh4 g6 21.
hxg6 fxg6 22. Ne2 g5 23. O-O-O gxh4 24. Rg1+ Kf7 25. Rh1 Ng6 26. Ng3 hxg3 27.
Rxh7+ Kf6 28. Rh1 Rg8 29. Rg1 Nf4 30. Kc2 g2 31. a3 Nh3 32. Ra1 g1=Q 33. Rxg1
Rxg1 34. b3 Rg2 35. Kd3 Nf4+ 36. Kc2 Rh8 37. Kd1 Rxd2+ 38. Kc1 Rg2 39. Kd1 Rh1#
0-1

[Event "Top Jeunes"]
[Site "Créteil"]
[Date "2010.11.21"]
[Round "3.10"]
[White "Jrade, Sidney"]
[Black "Ruble, Louis"]
[Result "0-1"]
[WhiteElo "1250"]
[BlackElo "1009"]
[PlyCount "73"]
[EventDate "21.??.??"]
[WhiteTeam "Lyon"]
[BlackTeam "Saint Mandé"]

1. e4 e5 2. Nf3 Nc6 3. Nc3 Nf6 4. Bb5 Bc5 5. Bxc6 dxc6 6. Nxe5 Bd4 7. Nf3 Bxc3
8. bxc3 Nxe4 9. Qe2 Qe7 10. d3 Nxc3 11. Qe5 Qxe5+ 12. Nxe5 f6 13. Nc4 O-O 14.
Bd2 Nd5 15. Rb1 b5 16. Na5 Re8+ 17. Kd1 Bd7 18. Nb7 Rab8 19. Nc5 Be6 20. Re1
Bg4+ 21. f3 Rxe1+ 22. Bxe1 Bc8 23. c4 Ne3+ 24. Ke2 Nxg2 25. Bg3 g5 26. Na6 Bxa6
27. cxb5 Rxb5 28. Rc1 Rd5 29. Rxc6 Bb5 30. Rxc7 Rxd3 31. Rc8+ Kg7 32. Rc7+ Kh6
33. Rc5 Rd5+ 34. Rxb5 Rxb5 35. Kf2 Rb2+ 36. Kg1 Rxa2 37. f4 {Gain au coup 71}
0-1

[Event "Top Jeunes"]
[Site "Niort"]
[Date "2010.11.20"]
[Round "1.1"]
[White "Clement, Alexandre"]
[Black "Eid, Maha"]
[Result "1-0"]
[WhiteElo "1923"]
[BlackElo "2067"]
[PlyCount "133"]
[EventDate "2010.??.??"]
[WhiteTeam "Villepinte"]
[BlackTeam "Clichy"]

1. e4 c5 2. Nf3 e6 3. Qe2 d6 4. g3 Nc6 5. c3 Qc7 6. Bg2 g6 7. O-O Bg7 8. d3
Nge7 9. Be3 O-O 10. Na3 b6 11. Qd2 Ba6 12. Bh6 Ne5 13. Bxg7 Kxg7 14. Ne1 Rad8
15. f4 N5c6 16. Nac2 f5 17. exf5 exf5 18. Nf3 h6 19. Rfe1 Ng8 20. Re2 Rfe8 21.
Rae1 Nf6 22. Rxe8 Rxe8 23. Rxe8 Nxe8 24. c4 Nf6 25. Ne3 Qe7 26. h3 Qd7 27. Qc3
Kf7 28. b3 Bb7 29. a3 Qe6 30. Qe1 Nh5 31. Kh2 Nf6 32. Nc2 Qd7 33. Qe3 Qe7 34.
Qxe7+ Kxe7 35. d4 Na5 36. dxc5 bxc5 37. Nd2 Ne4 38. Bxe4 Bxe4 39. Ne3 Bb7 40.
g4 Ke6 41. Kg3 Nc6 42. gxf5+ gxf5 43. Nf3 Nd4 44. Nxd4+ cxd4 45. Nc2 d3 46.
Nd4+ Kf6 47. Kf2 a6 48. Ke3 Bg2 49. h4 Be4 50. b4 Ke7 51. Nb3 Kd7 52. Nc1 d2
53. Kxd2 Kc6 54. Kc3 Kb6 55. Kd4 Kc6 56. Ne2 d5 57. c5 Bf3 58. Nc3 Be4 59. a4
Bf3 60. b5+ axb5 61. axb5+ Kb7 62. Nxd5 Be4 63. c6+ Kc8 64. b6 Kb8 65. Kc5 Kc8
66. Ne7+ Kb8 67. c7+ 1-0

[Event "Top Jeunes"]
[Site "Niort"]
[Date "2010.11.20"]
[Round "1.2"]
[White "Kirk, Ezra"]
[Black "Msellek, Ilyass"]
[Result "1-0"]
[WhiteElo "2127"]
[BlackElo "2059"]
[PlyCount "83"]
[EventDate "2010.??.??"]
[WhiteTeam "Clichy"]
[BlackTeam "Villepinte"]

1. d4 Nf6 2. c4 g6 3. Nc3 Bg7 4. g3 O-O 5. Bg2 d6 6. Nf3 c6 7. O-O a6 8. b3 b5
9. cxb5 axb5 10. Bd2 Bb7 11. Rc1 Nbd7 12. Re1 e5 13. Qc2 Qe7 14. a4 b4 15. Na2
c5 16. dxc5 dxc5 17. e4 Ba6 18. Bf1 Bxf1 19. Rxf1 Qe6 20. Qc4 Qxc4 21. Rxc4 Ne8
22. Rd1 Nd6 23. Rcc1 Nxe4 24. Bxb4 Rfd8 25. Be1 f5 26. Nc3 Nxc3 27. Bxc3 e4 28.
Bxg7 Kxg7 29. Ng5 Ra6 30. Rd5 h6 31. Nh3 Kf6 32. Rcd1 Ke7 33. Nf4 Rb6 34. R5d2
Rc6 35. a5 g5 36. Nd5+ Ke8 37. Nb6 Rc7 38. a6 f4 39. Nxd7 e3 40. Nf6+ Ke7 41.
Rxd8 e2 42. Re8+ 1-0

[Event "Top Jeunes"]
[Site "Niort"]
[Date "2010.11.20"]
[Round "1.3"]
[White "Bellaiche, Elise"]
[Black "Kambrath, Yannick"]
[Result "1/2-1/2"]
[WhiteElo "1896"]
[BlackElo "2044"]
[PlyCount "101"]
[EventDate "2010.??.??"]
[WhiteTeam "Villepinte"]
[BlackTeam "Clichy"]

1. e4 e5 2. Nf3 Nc6 3. Bc4 Bc5 4. d3 Nf6 5. c3 O-O 6. b4 Be7 7. b5 Na5 8. Nxe5
Nxc4 9. Nxc4 d5 10. exd5 Qxd5 11. O-O Bf5 12. Ne3 Qxd3 13. Nxf5 Qxf5 14. Ba3
Rad8 15. Qb3 Bd6 16. Bxd6 Rxd6 17. Na3 Ne4 18. Nc4 Rd3 19. Rac1 Qf6 20. Qc2
Rfd8 21. Rfe1 Nc5 22. Qe2 h6 23. h3 Qf4 24. Ne3 Rd2 25. Qf3 Qxf3 26. gxf3 Nd3
27. Nc4 Nxc1 28. Nxd2 Nxa2 29. Ne4 f5 30. Ra1 fxe4 31. Rxa2 exf3 32. Rxa7 Rb8
33. Kh2 Kf7 34. Kg3 Ke6 35. Kxf3 Kd5 36. Ra4 Kc5 37. Rg4 Rf8+ 38. Ke3 g5 39. c4
Re8+ 40. Kd3 Re1 41. h4 Re5 42. hxg5 hxg5 43. Kc3 Rf5 44. Kd3 Kb4 45. Ke3 Kc3
46. f3 Re5+ 47. Kf2 Kd3 48. Kg3 Kc3 49. Kf2 b6 50. Kg3 Kd3 51. Kf2 1/2-1/2

[Event "Top Jeunes"]
[Site "Niort"]
[Date "2010.11.20"]
[Round "1.5"]
[White "Le Menelec, Erwan-Son"]
[Black "Vigna, Leo"]
[Result "0-1"]
[WhiteElo "1716"]
[BlackElo "1685"]
[PlyCount "96"]
[EventDate "2010.??.??"]
[WhiteTeam "Villepinte"]
[BlackTeam "Clichy"]

1. e4 c5 2. f4 Nc6 3. Nf3 d6 4. h3 e6 5. d3 Nd4 6. c3 Nxf3+ 7. Qxf3 b6 8. g3
Bb7 9. Bg2 f5 10. Qe2 Nf6 11. O-O Qd7 12. exf5 Bxg2 13. Kxg2 Qc6+ 14. Kh2 d5
15. Qxe6+ Qxe6 16. fxe6 Bd6 17. Bd2 Ke7 18. Re1 Nh5 19. c4 d4 20. Re4 Nf6 21.
Re2 Nh5 22. Be1 Rhf8 23. Nd2 Rf6 24. Nf3 h6 25. Nh4 g5 26. fxg5 hxg5 27. Ng2
Rf1 28. Nf4 gxf4 29. Kg2 Nxg3 30. Bxg3 Rxa1 31. Bh4+ Ke8 32. Kf3 Rf1+ 33. Ke4
f3 34. Rf2 Rh1 35. Kd5 Rxh3 36. Bf6 Be7 37. Be5 Rd8+ 38. Ke4 Bh4 39. Rf1 f2 40.
Rc1 Rg3 41. Bf6 Rg1 42. Bxh4 Rxc1 43. Bxf2 Rd6 44. Ke5 Rc6 45. Kd5 Rc7 46. Bg3
Rg7 47. Bd6 Rg5+ 48. Kc6 Re1 0-1

[Event "Top Jeunes"]
[Site "Niort"]
[Date "2010.11.20"]
[Round "1.6"]
[White "Kieffer, Anatole"]
[Black "O'Sullivan, Thomas"]
[Result "1-0"]
[WhiteElo "1671"]
[BlackElo "1813"]
[PlyCount "223"]
[EventDate "2010.??.??"]
[WhiteTeam "Clichy"]
[BlackTeam "Villepinte"]

1. e4 e6 2. d4 d5 3. Nc3 Nf6 4. e5 Nfd7 5. Nf3 c5 6. dxc5 Bxc5 7. Bd3 Nc6 8.
Bf4 h6 9. O-O O-O 10. Re1 a6 11. a3 b5 12. b4 Bb6 13. Bg3 Bb7 14. Rc1 Rc8 15.
Ne2 Bc7 16. Ned4 Nb6 17. Nxc6 Bxc6 18. Nd4 Bb7 19. c3 Nc4 20. Bxc4 dxc4 21. Qg4
Qe7 22. Bh4 g5 23. Bg3 Bd5 24. f4 f5 25. exf6 Qxf6 26. fxg5 hxg5 27. Bxc7 Rxc7
28. Nxe6 Qf2+ 29. Kh1 Bxe6 30. Qxe6+ Rcf7 31. h3 Kg7 32. Qe5+ Kg6 33. Rcd1 Rf6
34. Qe4+ Kg7 35. Rd7+ R8f7 36. Rd5 Qg3 37. Qe5 Qxe5 38. Rdxe5 Kg6 39. Kg1 Kh6
40. Re6 Kg6 41. Rxf6+ Rxf6 42. Re3 Rd6 43. Kf1 Kf5 44. Ke2 Kf4 45. g3+ Kf5 46.
Kf3 Rd2 47. g4+ Kf6 48. Ke4 Ke6 49. Rf3 Re2+ 50. Kd4 Re5 51. Rf8 Rd5+ 52. Ke4
Re5+ 53. Kf3 Rd5 54. Re8+ Kf6 55. Ra8 Rd3+ 56. Ke4 Rd6 57. Rf8+ Kg6 58. Ke5 Rd3
59. Rf6+ Kg7 60. Rxa6 Rxh3 61. Kf5 Rxc3 62. Kxg5 Re3 63. Ra7+ Kf8 64. Kf6 Rf3+
65. Ke5 c3 66. Rc7 Re3+ 67. Kd4 Rg3 68. Rxc3 Rxg4+ 69. Kc5 Rg5+ 70. Kb6 Ke7 71.
Rc7+ Kd6 72. Rc8 Rg3 73. Ra8 Rg5 74. Ra5 Rg8 75. Kxb5 Rb8+ 76. Ka4 Kc6 77. Ra6+
Kb7 78. Ka5 Rc8 79. a4 Rc4 80. Rh6 Rc7 81. b5 Rd7 82. Rg6 Re7 83. Rg4 Rf7 84.
Kb4 Kb6 85. a5+ Ka7 86. Re4 Rd7 87. Kc5 Rc7+ 88. Kd6 Rc8 89. Re7+ Ka8 90. Rc7
Rd8+ 91. Kc6 Rg8 92. b6 Rg6+ 93. Kb5 Rg5+ 94. Ka6 Kb8 95. Rf7 Rg8 96. Rf6 Re8
97. Rc6 Rf8 98. b7 Rd8 99. Rb6 Rd5 100. Re6 Rd8 101. Re7 Rd6+ 102. Kb5 Ka7 103.
Kc5 Ra6 104. Kb4 Rf6 105. Kb5 Rg6 106. Kc5 Rg5+ 107. Kc6 Rg6+ 108. Kc7 Rg8 109.
Rd7 Rf8 110. a6 Rg8 111. Rd8 Rg7+ 112. Kc8 1-0

[Event "Top Jeunes"]
[Site "Niort"]
[Date "2010.11.20"]
[Round "1.7"]
[White "Ek, Bora"]
[Black "Vigna, Liza"]
[Result "1-0"]
[WhiteElo "1430"]
[BlackElo "1680"]
[PlyCount "59"]
[EventDate "2010.??.??"]
[WhiteTeam "Villepinte"]
[BlackTeam "Clichy"]

1. e4 e5 2. Nf3 Nc6 3. Bb5 a6 4. Ba4 Nf6 5. O-O Bd6 6. Re1 O-O 7. c3 b5 8. Bc2
Bb7 9. d4 Qe7 10. d5 Nd8 11. Nbd2 c6 12. dxc6 Nxc6 13. Nf1 Bc5 14. h3 Rad8 15.
Be3 Bxe3 16. Nxe3 Nb8 17. Nf5 Qc5 18. Qd6 Qxd6 19. Nxd6 Bc6 20. Nxe5 Nh5 21. g3
h6 22. Bb3 Kh7 23. Nexf7 Rxf7 24. Nxf7 Rf8 25. Ne5 Re8 26. Nxc6 Nxc6 27. Bf7
Re5 28. f4 Nxf4 29. gxf4 Re7 30. Bd5 1-0

[Event "Top Jeunes"]
[Site "Niort"]
[Date "2010.11.20"]
[Round "1.8"]
[White "Kocausta, Antoine"]
[Black "Banat, Rayan"]
[Result "0-1"]
[WhiteElo "1630"]
[BlackElo "1560"]
[PlyCount "69"]
[EventDate "2010.??.??"]
[WhiteTeam "Villepinte"]
[BlackTeam "Clichy"]

1. d4 d5 2. c4 c6 3. Nc3 Nf6 4. Nf3 Bg4 5. h3 Bxf3 6. gxf3 e6 7. e4 dxe4 8.
fxe4 Bb4 9. Qc2 Qxd4 10. Be3 Bxc3+ 11. Bd2 Bxd2+ 12. Qxd2 Qxe4+ 13. Be2 Qxh1+
14. Bf1 O-O 15. Qd3 Qe4+ 16. Be2 Qxd3 17. Bxd3 Rd8 18. O-O-O Nbd7 19. f3 Nc5
20. Kc2 Nxd3 21. Rxd3 Rxd3 22. Kxd3 Rd8+ 23. Kc3 b5 24. c5 a5 25. a3 Nd5+ 26.
Kb3 a4+ 27. Ka2 Ne3 28. f4 Rd2 29. Ka1 Nc4 30. h4 Rxb2 31. f5 Rh2 32. fxe6 fxe6
33. h5 e5 34. Kb1 e4 35. Kc1 0-1

[Event "Top Jeunes"]
[Site "Niort"]
[Date "2010.11.20"]
[Round "1.9"]
[White "Banat, Rayan"]
[Black "Ek, Bora"]
[Result "0-1"]
[WhiteElo "1560"]
[BlackElo "1430"]
[PlyCount "144"]
[EventDate "2010.??.??"]
[WhiteTeam "Clichy"]
[BlackTeam "Villepinte"]

1. d4 d5 2. Nf3 e6 3. Bf4 Nf6 4. e3 Nbd7 5. h3 Be7 6. Bd3 O-O 7. Qe2 b6 8. Nbd2
c5 9. c3 Bb7 10. e4 cxd4 11. cxd4 dxe4 12. Nxe4 Nxe4 13. Bxe4 Bxe4 14. Qxe4 Nf6
15. Qd3 Bb4+ 16. Bd2 Qd6 17. a3 Bxd2+ 18. Qxd2 Ne4 19. Qd3 Nc5 20. Qc2 Nd7 21.
O-O Rac8 22. Qd2 Nf6 23. Rfe1 h6 24. Rac1 Rfd8 25. Rxc8 Rxc8 26. Rc1 Rc6 27.
Rxc6 Qxc6 28. Ne5 Qd5 29. Qc3 Qb7 30. Qc6 Qxc6 31. Nxc6 a5 32. b4 axb4 33. axb4
Nd5 34. Kf1 Kf8 35. g3 Ke8 36. Ke2 Kd7 37. Ne5+ Ke7 38. Nd3 b5 39. Kd2 f6 40.
Nc5 Nxb4 41. Kc3 Nd5+ 42. Kd3 b4 43. Kc4 Nc3 44. Kxb4 Nd1 45. Nd3 Kd6 46. Kc4
e5 47. f3 Ne3+ 48. Kc3 exd4+ 49. Kxd4 Nf5+ 50. Ke4 Nxg3+ 51. Ke3 Nf5+ 52. Kf4
Nd4 53. Ke4 Ne6 54. h4 g6 55. Nf4 Nxf4 56. Kxf4 Ke6 57. Kg4 Ke5 58. f4+ Ke4 59.
Kg3 h5 60. f5 gxf5 61. Kh3 f4 62. Kg2 f5 63. Kf2 f3 64. Kg1 Ke3 65. Kf1 f2 66.
Kg2 Ke2 67. Kh2 f4 68. Kh3 f1=Q+ 69. Kh2 Qf2+ 70. Kh1 Qxh4+ 71. Kg1 Kf3 72. Kf1
Qf2# 0-1

[Event "Top Jeunes"]
[Site "Niort"]
[Date "2010.11.20"]
[Round "1.10"]
[White "Vigna, Liza"]
[Black "Kocausta, Antoine"]
[Result "1-0"]
[WhiteElo "1680"]
[BlackElo "1630"]
[PlyCount "56"]
[EventDate "2010.??.??"]
[WhiteTeam "Clichy"]
[BlackTeam "Villepinte"]

1. e4 e5 2. Nf3 Nc6 3. Nc3 Nf6 4. d4 exd4 5. Nxd4 Bb4 6. Nxc6 bxc6 7. Bd3 d5 8.
exd5 cxd5 9. O-O O-O 10. Bg5 Be7 11. Bxf6 Bxf6 12. Nxd5 Qxd5 13. Bxh7+ Kxh7 14.
Qxd5 Be6 15. Qh5+ Kg8 16. Rae1 Bc4 17. Re4 Bxf1 18. Re3 Rfe8 19. Rh3 Kf8 20.
Qh8+ Ke7 21. Re3+ Kd7 22. Qh3+ Kd8 23. Rxe8+ Kxe8 24. Qh8+ Kd7 25. Qxa8 Bb5 26.
Qd5+ Kc8 27. Qxb5 Kd8 28. Qb8+ Kd7 1-0

[Event "Top Jeunes"]
[Site "Niort"]
[Date "2010.11.25"]
[Round "1.1"]
[White "Barbot, Pierre"]
[Black "Leriche, Luc"]
[Result "1-0"]
[WhiteElo "2177"]
[BlackElo "1968"]
[PlyCount "91"]
[EventDate "2010.??.??"]
[WhiteTeam "Sautron"]
[BlackTeam "Niort"]

1. e4 c5 2. Nf3 d6 3. d4 cxd4 4. Nxd4 Nf6 5. Nc3 a6 6. Be3 e5 7. Nb3 Be6 8. Qd2
Be7 9. f4 exf4 10. Bxf4 Nc6 11. O-O-O Nh5 12. Be3 O-O 13. Nd5 Bxd5 14. exd5 Ne5
15. Be2 Nf6 16. Qb4 Qd7 17. Kb1 Rfc8 18. Na5 Bd8 19. Nc4 Nxc4 20. Bxc4 b5 21.
Bd3 Nxd5 22. Bxh7+ Kxh7 23. Rxd5 Rc4 24. Qxd6 Qxd6 25. Rxd6 Bf6 26. Rhd1 Re4
27. Bd4 Bxd4 28. R6xd4 Re2 29. R4d2 Rae8 30. c3 g5 31. Kc2 R2e6 32. Kb3 Kg6 33.
a4 bxa4+ 34. Kxa4 f5 35. c4 Rc8 36. b3 f4 37. Rd6 Rc6 38. Rxc6 Rxc6 39. h3 Re6
40. c5 Re2 41. Rc1 Re7 42. c6 Rc7 43. Ka5 Kh5 44. Kb6 Rc8 45. c7 Kh4 46. Kb7
1-0

[Event "Top Jeunes"]
[Site "Niort"]
[Date "2010.11.25"]
[Round "1.2"]
[White "Macon, Arthur"]
[Black "Bapst, Valentin"]
[Result "1/2-1/2"]
[WhiteElo "1981"]
[BlackElo "1905"]
[PlyCount "68"]
[EventDate "2010.??.??"]
[WhiteTeam "Niort"]
[BlackTeam "Sautron"]

1. d4 Nf6 2. c4 g6 3. Nc3 d5 4. cxd5 Nxd5 5. e4 Nxc3 6. bxc3 Bg7 7. Nf3 c5 8.
Rb1 O-O 9. Be2 b6 10. O-O Bb7 11. Qd3 e6 12. Bg5 Qc7 13. Qe3 Nd7 14. e5 a6 15.
h4 b5 16. Rfc1 Rfc8 17. h5 Bd5 18. Nh2 Bxa2 19. Ra1 Bd5 20. Ng4 Qb7 21. Bf6
Nxf6 22. Nxf6+ Bxf6 23. exf6 Kh8 24. f3 c4 25. Kf2 Rg8 26. hxg6 fxg6 27. Rh1
Rgf8 28. Qe5 Qf7 29. Rh3 Qxf6 30. Rah1 Ra7 31. Qh2 Qg7 32. Qd6 Qf6 33. Qh2 Qe7
34. Qe5+ Qf6 1/2-1/2

[Event "Top Jeunes"]
[Site "Niort"]
[Date "2010.11.25"]
[Round "1.3"]
[White "Le Pen, Steven"]
[Black "Habiballah, Anass"]
[Result "1-0"]
[WhiteElo "1793"]
[BlackElo "1520"]
[PlyCount "51"]
[EventDate "2010.??.??"]
[WhiteTeam "Sautron"]
[BlackTeam "Niort"]

1. e4 d6 2. d4 Nf6 3. Nc3 g6 4. f4 Bg7 5. Nf3 O-O 6. Bd3 Na6 7. O-O c5 8. e5
Nd7 9. Bxa6 bxa6 10. Be3 Rb8 11. b3 Bb7 12. Qe2 Qa5 13. Na4 Rfc8 14. c4 cxd4
15. Bxd4 Bxf3 16. Qxf3 Rc7 17. Bc3 Qxc3 18. Nxc3 dxe5 19. Nd5 Rcb7 20. Rae1 Nf6
21. fxe5 Nxd5 22. Qxf7+ Kh8 23. Qxd5 Rc7 24. Rf7 Rb6 25. Qd8+ Bf8 26. Qxf8# 1-0

[Event "Top Jeunes"]
[Site "Niort"]
[Date "2010.11.25"]
[Round "1.4"]
[White "Chauvet, Etienne"]
[Black "Terrazzoni, Claire"]
[Result "1/2-1/2"]
[WhiteElo "1520"]
[BlackElo "1490"]
[PlyCount "68"]
[EventDate "2010.??.??"]
[WhiteTeam "Niort"]
[BlackTeam "Sautron"]

1. e4 c5 2. Nc3 Nc6 3. g3 g6 4. Bg2 Bg7 5. Nge2 e6 6. O-O Nge7 7. d3 O-O 8. h3
b6 9. Be3 Bb7 10. Qd2 f5 11. Bh6 fxe4 12. Bxg7 Kxg7 13. Nxe4 d5 14. Qc3+ d4 15.
Qc4 Qd5 16. Qa4 Nb4 17. Nf4 Qe5 18. a3 Bxe4 19. Bxe4 Nbd5 20. Nxd5 exd5 21. Bg2
Rf5 22. Rae1 Qc7 23. Re2 Raf8 24. Rfe1 Nc6 25. g4 Re5 26. Rxe5 Nxe5 27. Bxd5
Nf3+ 28. Bxf3 Rxf3 29. Kg2 Qb7 30. Re4 Qf7 31. Re2 Qb7 32. Re4 Qf7 33. Re2 Qb7
34. Re4 Qf7 1/2-1/2

[Event "Top Jeunes"]
[Site "Niort"]
[Date "2010.11.25"]
[Round "1.5"]
[White "Eugene, Floryan"]
[Black "Barbotte, Leo"]
[Result "1-0"]
[WhiteElo "1609"]
[BlackElo "1510"]
[PlyCount "99"]
[EventDate "2010.??.??"]
[WhiteTeam "Sautron"]
[BlackTeam "Niort"]

1. e4 d6 2. d4 Nf6 3. Nc3 g6 4. Nf3 Bg7 5. Bc4 O-O 6. Bg5 c6 7. O-O Qc7 8. Bb3
Rd8 9. Qe2 e6 10. e5 Nd5 11. Nxd5 cxd5 12. Bxd8 Qxd8 13. c3 b6 14. Rfe1 Nc6 15.
Rad1 Qc7 16. exd6 Qxd6 17. Qe3 Bd7 18. Qg5 Re8 19. Qg3 e5 20. dxe5 Nxe5 21.
Rxd5 Nxf3+ 22. gxf3 Rxe1+ 23. Kg2 Qxg3+ 24. fxg3 Re2+ 25. Kf1 Re7 26. Kf2 h6
27. Bc2 Kh7 28. Rd2 Bc6 29. Bb3 f5 30. Rd8 Bf6 31. Rd6 Bxc3 32. bxc3 Bb5 33.
Re6 Rd7 34. c4 Ba6 35. Ke3 Rc7 36. Kd4 Rd7+ 37. Ke5 Kg7 38. Rd6 Re7+ 39. Re6
Rc7 40. Kd6 Rf7 41. f4 g5 42. Re7 Rxe7 43. Kxe7 Kg6 44. Kd7 gxf4 45. gxf4 Kh5
46. Ke6 Bc8+ 47. Ke5 Kg4 48. Bc2 Kh5 49. Bxf5 Ba6 50. Kd5 1-0

[Event "Top Jeunes"]
[Site "Niort"]
[Date "2010.11.20"]
[Round "1.6"]
[White "Barbotte, Pierre"]
[Black "Machiels, Etienne"]
[Result "0-1"]
[WhiteElo "1470"]
[BlackElo "1573"]
[PlyCount "120"]
[EventDate "2010.??.??"]
[WhiteTeam "Niort"]
[BlackTeam "Sautron"]

1. e4 e5 2. Nc3 Bc5 3. g3 Nc6 4. Bg2 d6 5. Nge2 Nge7 6. O-O O-O 7. d3 Be6 8.
Na4 Bb6 9. Nxb6 axb6 10. f4 g6 11. Be3 Qd7 12. Qd2 d5 13. fxe5 Nxe5 14. Bh6
Rfd8 15. Qg5 Ng4 16. Rae1 Nxh6 17. Qxh6 dxe4 18. Bxe4 Bd5 19. a3 Bxe4 20. dxe4
Qd2 21. Qxd2 Rxd2 22. Nf4 Rxc2 23. Rf2 Rxf2 24. Kxf2 Rd8 25. Ke3 c5 26. h4 Kf8
27. Rf1 Rd6 28. g4 Ke8 29. Rh1 Kd8 30. h5 g5 31. Nh3 h6 32. e5 Re6 33. Rd1+ Kc7
34. Nf2 Rxe5+ 35. Ne4 f5 36. gxf5 Nxf5+ 37. Kf3 Nd4+ 38. Ke3 Kc6 39. b4 Nf5+
40. Kf3 Nd4+ 41. Ke3 Kb5 42. bxc5 bxc5 43. Rb1+ Kc6 44. a4 Kd5 45. Rxb7 Rxe4+
46. Kd3 c4+ 47. Kc3 Re3+ 48. Kd2 Re6 49. Kc3 Kc5 50. Rc7+ Rc6 51. Rd7 Nb3 52.
Rf7 Nd4 53. Rd7 Rd6 54. Re7 Nc6 55. Re4 Rd3+ 56. Kc2 Nd4+ 57. Kc1 Kb4 58. Re2
Nxe2+ 59. Kc2 c3 60. Kb1 Kb3 0-1

[Event "Top Jeunes"]
[Site "Niort"]
[Date "2010.11.20"]
[Round "1.7"]
[White "Ragot Gaufreteau, Maelyss"]
[Black "Gaubert, Cedric"]
[Result "1-0"]
[WhiteElo "1614"]
[BlackElo "1120"]
[PlyCount "21"]
[EventDate "2010.??.??"]
[WhiteTeam "Sautron"]
[BlackTeam "Niort"]

1. e4 d6 2. d4 Nf6 3. Nc3 g6 4. Bf4 Bg7 5. Qd2 O-O 6. Bc4 c6 7. O-O-O Nh5 8.
Bh6 Bxh6 9. Qxh6 Nf6 10. f3 d5 11. Bb3 1-0

[Event "Top Jeunes"]
[Site "Niort"]
[Date "2010.11.20"]
[Round "1.8"]
[White "Trouve, Guillaume"]
[Black "Habillah, Linda"]
[Result "1-0"]
[WhiteElo "1614"]
[BlackElo "1120"]
[PlyCount "101"]
[EventDate "2010.??.??"]
[WhiteTeam "Sautron"]
[BlackTeam "Niort"]

1. e4 d6 2. d4 Nf6 3. Nc3 g6 4. f4 Bg7 5. Nf3 c5 6. dxc5 dxc5 7. Qxd8+ Kxd8 8.
Be3 Ke8 9. Bxc5 Nc6 10. e5 b6 11. exf6 Bxf6 12. Be3 Nb4 13. O-O-O Bf5 14. Bd3
Be6 15. a3 Rc8 16. axb4 a5 17. bxa5 bxa5 18. Bb5+ Kf8 19. Bd4 Kg7 20. Bxf6+
Kxf6 21. Ng5 Kg7 22. Nxe6+ fxe6 23. Bd7 Rcd8 24. Bxe6 Ra8 25. Ne4 a4 26. Rd7
Rae8 27. g4 Rhf8 28. f5 Rc8 29. Rxe7+ Kh6 30. g5+ Kh5 31. Rxh7+ Kg4 32. f6+ Kf4
33. Rh4+ Ke5 34. Bxc8 Rxc8 35. Rf1 Rb8 36. f7 Rf8 37. Rh8 Rxh8 38. f8=Q Rxf8
39. Rxf8 Kxe4 40. Rd8 Kf4 41. c4 Kxg5 42. c5 Kf4 43. c6 g5 44. Re8 g4 45. c7
Kf3 46. c8=Q Kf4 47. Qc4+ Kg5 48. Rf8 Kh4 49. Rg8 Kh3 50. Qxg4+ Kxh2 51. Qg2#
1-0

[Event "Top Jeunes"]
[Site "Niort"]
[Date "2010.11.20"]
[Round "1.9"]
[White "Gaubert, Cedric"]
[Black "Trouve, Guillaume"]
[Result "0-1"]
[WhiteElo "1009"]
[BlackElo "1614"]
[PlyCount "44"]
[EventDate "2010.??.??"]
[WhiteTeam "Niort"]
[BlackTeam "Sautron"]

1. d3 e5 2. Nc3 d5 3. b3 Nf6 4. Bb2 Bb4 5. e3 d4 6. exd4 exd4 7. Qe2+ Be6 8.
O-O-O dxc3 9. Ba1 Nc6 10. g3 Nd4 11. Qe5 a5 12. Bh3 Qd5 13. Re1 Qxe5 14. Rxe5
Kd7 15. Nf3 Nxf3 16. Bxe6+ fxe6 17. Re3 Nd4 18. Rhe1 a4 19. bxa4 Rxa4 20. f4
Rxa2 21. Kb1 Rha8 22. Re5 Rxa1# 0-1

[Event "Top Jeunes"]
[Site "Niort"]
[Date "2010.11.20"]
[Round "1.10"]
[White "Habiballah, Linda"]
[Black "Ragot Gaufreteau, Maelyss"]
[Result "0-1"]
[WhiteElo "1120"]
[BlackElo "1350"]
[PlyCount "66"]
[EventDate "2010.??.??"]
[WhiteTeam "Niort"]
[BlackTeam "Sautron"]

1. e4 c5 2. Nf3 d6 3. d4 cxd4 4. Nxd4 Nf6 5. Nc3 g6 6. Bf4 e5 7. Be3 exd4 8.
Bxd4 Bg7 9. Qd2 O-O 10. O-O-O Nc6 11. Kb1 Nxe4 12. Nxe4 Nxd4 13. c3 Bf5 14. Re1
Nc6 15. Bd3 Ne5 16. Bc2 Nc4 17. Qd3 Bxe4 18. Rxe4 d5 19. Rf4 Nb6 20. Qe3 Bh6
21. Re1 Re8 22. Qd2 Bxf4 23. Qd1 Rxe1 24. Qxe1 Qe8 25. Qf1 Bxh2 26. Qh1 Bf4 27.
g3 Bd2 28. Qd1 Qe1 29. g4 Qxd1+ 30. Bxd1 Re8 31. Kc2 Bg5 32. Be2 Rxe2+ 33. Kd3
Rd2# 0-1